Rainbow Six Siege Operators Quiz - Statistics

General Stats
  • This quiz has been taken 729 times
    121 since last reset
  • The average score is 58 of 74
Answer Stats
Affiliation Special Ability Answer % Correct
SAS Defender Signal Disruptor Mute
98%
SAS Defender Remote Gas Grenade Smoke
96%
SAS Attacker EMP Grenade Thatcher
95%
GIGN Defender STIM Pistol Doc
94%
FBI Swat Defender Cardiac Sensor Pulse
93%
GIGN Defender R1N "Rhino" Armor Rook
93%
FBI Swat Attacker Breaching Round Ash
92%
Spetsnaz Attacker Cluster Charge Fuze
92%
FBI Swat Attacker Exothermic Charge Thermite
92%
Navy Seal Defender Black Eye Valkyrie
90%
GSG9 Attacker G52 Tactical Shield Blitz
89%
GSG9 Defender Active Defense System Jager
89%
GIGN Attacker Shock Drone Twitch
89%
Spetsnaz Defender Entry Denial Device Kapkan
88%
Navy Seal Attacker Rifle Shield Blackbeard
87%
S.D.U Attacker Candela Device Ying
87%
JTF2 Defender Welcome Mat Frost
86%
SAS Attacker The Caber Sledge
86%
Spetsnaz Defender Shumikha Launcher Tachanka
86%
BOPE Attacker Tactical Crossbow Capitão
84%
JTF2 Attacker Skeleton Key Buck
83%
S.A.T Attacker Yokai Drone Echo
83%
S.D.U Defender GU Needle Lesion
83%
GIGN Attacker EE-ONE-D Lion
83%
G.E.O Defender Black Mirror Mira
83%
GIGN Attacker Le Roc Shield Montagne
83%
US Secret Service Defender Glance Smart Glasses Warden
83%
GSG9 Defender Crude Electrical Device Bandit
82%
G.R.O.M Defender GRZMOT Mine Ela
82%
Unaffiliated Defender Remah Dash Oryx
82%
G.I.S Defender Prisma Alibi
81%
FES Attacker Garra Hook Amaru
81%
FBI Swat Defender UTP1 Panel Castle
81%
Nighthaven Attacker SELMA Aqua Breacher Ace
80%
Nighthaven Defender Surya Gate Aruni
80%
MPS Defender CCE Shield Clash
80%
S.A.T Attacker X-Kairos Hibana
80%
BOPE Attacker Silent Steps Caveira
78%
G.I.S Defender Evil Eye Maestro
78%
The Unit Attacker Breaching Torch Maverick
78%
Garda Siochana Defender Razorbloom Shield Thorn
78%
Unaffiliated Defender Kona Station Thunderbird
78%
707TH SMB Defender Electronic Rendering Cloak Vigil
78%
Keres Legion Attacker Deathmark Deimos
77%
Spetsnaz Attacker HDS Flipsight Glaz
77%
NDU Attacker Kawan Hive Launcher Grim
77%
GIGR Defender Ritla Electroclaw Kaid
77%
GIGR Attacker Airjab Launcher Nomad
76%
Nighthaven Defender Mag-Net System Wamai
76%
Unaffiliated Defender Kiba Barrier Azami
75%
REU Attacker Gemini Replicator Iana
75%
SASR Attacker Trax Stingers Gridlock
73%
SASR Defender Pest Launcher Mozzie
73%
FES Defender Volcan Shield Goyo
72%
COT Attacker Kludge Drone Brava
71%
ITF Defender Banshee Sonic Defense Melusi
71%
ROS Attacker Argus Launcher Zero
71%
707TH SMB Attacker Logic Bomb Dokkaebi
70%
Spetsnaz Attacker Nanobot Shot Finka
70%
G.E.O Attacker Eyenox Model III Jackal
70%
GSG9 Attacker Red MKIII "Spectre" IQ
69%
Jaeger Corps Attacker HEL Presence Reduction Nokk
69%
35th Commando Battalion Attacker BU-GI Auto Breacher Ram
67%
Nighthaven Attacker Talon-8 Shield Osa
66%
SAF Defender F-NATT Dread Mine Fenrir
65%
ARD-10 Attacker T.R.I.P. Connector Denari
64%
G.R.O.M Attacker KS79 Lifeline Zofia
64%
Nighthaven Attacker LV Explosive Lance Kali
63%
HAF Defender V10 Pantheon Shells Skopos
63%
SFG Attacker R.O.U Projector System Sens
58%
FBI Attacker RCE Ratero Flores
57%
DAE Defender Zoto Canister Tubarão
52%
NZDF Attacker D.O.M Panel Launcher Rauora
51%
AFEAU Defender SPEC-IO Electro-Sensor Solis
48%
No matching quizzes found
Score Distribution
Percent of People with Each Score
Percentile by Number Answered
Your Score History
You have not taken this quiz since the last reset